| 000 | 00429pam a2200145 a 4500 | ||
|---|---|---|---|
| 020 | _a0201510308 | ||
| 040 | _cDLC | ||
| 082 | 0 | 0 | _a658 ADD 1992 A042 Or. |
| 100 | 1 | _aAlter, Steven. | |
| 245 | 1 | 0 |
_aInformation systems : _ba management perspective / |
| 260 |
_aReading, Mass. : _bAddison-Wesley Pub. Co., _cc1992. |
||
| 300 |
_axxv, 848 p. : _bill. (some col.) ; _c24 cm. |
||
| 650 | 0 | _aManagement information systems. | |
| 942 | _cEK | ||
| 999 |
_c12877 _d12877 |
||